00587nam a2200157Ia 4500020001800000082002100018245009200039260005500131300001800186500009500204504001400299650004400313650002800357650002800385700001600413 a0 900332 79 4 aRR 920.0203 DIC; 0aDictionary of international biography: a biographical record of contemporary achivement aCambridgebInternational Biographical Centrec1984 alxxxiv, 781p. aContents: Vol.18.(0 900332 79 4)(lxxxiv, 781p.) - v.19.(1985)(0-900332 75 1)(photographs) aref. book aBiography, International - Dictionaries aInternational biography aCelebrities - Biography aKay, Ernest